Between Basti dwellers and bureaucrats (Record no. 1454394)

MARC details
000 -LEADER
fixed length control field 00551nam a2200193Ia 4500
005 - DATE AND TIME OF LATEST TRANSACTION
control field 20250923145705.0
008 - FIXED-LENGTH DATA ELEMENTS--GENERAL INFORMATION
fixed length control field 008 250917s9999 xx 000 0 eng d
037 ## - SOURCE OF ACQUISITION
Stock number Textual
040 ## - CATALOGING SOURCE
Original cataloging agency DSWL
Language of cataloging eng
Transcribing agency DSWL
041 ## - LANGUAGE CODE
Language code of text/sound track or separate title eng
Source of code eng
084 ## - COLON CLASSIFICATION NUMBER
Classification number Y57:4.2Q73, N83
Assigning agency DSWL
245 #0 - TITLE STATEMENT
Title Between Basti dwellers and bureaucrats
Statement of responsibility, etc. Ed.by J.W.Schoorl
260 ## - PUBLICATION, DISTRIBUTION, ETC.
Place of publication, distribution, etc. Oxford
Name of publisher, distributor, etc. Pergamon
Date of publication, distribution, etc. 1983
300 ## - PHYSICAL DESCRIPTION
Extent xiii,305 p.
365 ## - TRADE PRICE
Price type code INR
Price amount 195.80
925 ## -
-- 195.80
942 ## - ADDED ENTRY ELEMENTS (KOHA)
Koha item type Textual
Classification part Y57:4.2Q73, N83
Holdings
Withdrawn status Lost status Damaged status Not for loan Home library Current library Date acquired Source of acquisition Inventory number Total Checkouts Full call number Barcode Date last seen Price effective from Koha item type
        Department of Social Work Library Department of Social Work Library 2025-09-23 Selection Book Service Syndicate 7895 09/02/1989   Y57:4.2Q73, N83 SW0022067 2025-09-23 2025-09-23 Textual
Copyright @ Delhi University Library System